| 000 | 01708nam a2200217Ia 4500 | ||
|---|---|---|---|
| 003 | Ost | ||
| 005 | 20260416102358.0 | ||
| 008 | 260416s9999||||xx |||||||||||||| ||und|| | ||
| 040 | _cfsecg | ||
| 041 | _aara | ||
| 082 | _a338.9 | ||
| 100 |
_aالعقون، جلول _eمؤلف |
||
| 245 | 0 |
_a التنمية المستديمة ومكافحة الفساد : _bمقدمة لطلبة السنة الثانية جذع مشترك / _c جلول العقون |
|
| 260 |
_aالجزائر _bجامعة الجزائر3: كلية العلوم الإقتصادية، العلوم التجارية وعلوم التسيير _c2022 |
||
| 300 |
_a106 ورقة _bايضاحات _c30 سم |
||
| 504 | _aمراجع ص.103 | ||
| 520 | _aالتنمية المستديمة المفهوم و النشأة ، و خصائصها ، أبعاد التنمية المستديمة و مؤشراتها ، الاتجاهات الفكرية للتنمية المستديمة و التعريف اللغوي و الاصطلاحي و المؤسساتي والمعياري لمكافحة الفساد ، آثار الفساد كظاهرة مركبة و أنواع الفساد ، الفساد من حيث الانتشار ، أسباب و مظاهر الفساد ،و مؤشرات قياس الفساد ، الآليات الوقائية لمحاربة الفساد ، النتائج المترتبة على مكافحة الفساد ، تأثير الفساد على التنمية المستديمة . | ||
| 653 | _aالتنمية الاقتصادية | ||
| 710 |
_aجامعة الجزائر3: كلية العلوم الإقتصادية، العلوم التجارية وعلوم التسيير _eناشر علمي |
||
| 942 | _cHANDOUT | ||
| 999 |
_c41304 _d41304 |
||